000 00895pam a2200265 a 4500
001 2437411
003 OSt
005 20160707180721.0
008 880607s1989 at a b 001 0 eng c
010 _a 88020231
020 _a0443034761
040 _aDNLM/DLC
_cDLC
_dDLC
043 _au-at---
082 _aWA 320
_bV727c 1989
245 0 0 _aCommunity child health :
_ban Australian perspective /
_cedited by Graham Vimpani, Trevor Parry.
260 _aMelbourne ;
_aNew York :
_bChurchill Livingstone,
_c1989.
300 _axiii, 603 p. :
_bill. ;
_c24 cm.
504 _aIncludes bibliographies and index.
650 0 _aCommunity health services for children
_zAustralia.
_910052
650 2 _aChild Health Services
_zAustralia.
_910053
700 1 _aVimpani, Graham.
_910054
700 1 _aParry, Trevor.
_910055
906 _a7
_bcbc
_corignew
_d1
_eocip
_f19
_gy-gencatlg
942 _2z
_cO_SHELF
999 _c4674
_d4674